Ekologický exot

Johannes Guttmann stavil v biznise na babičky, ich bioprodukty vyváža do celého sveta. O eko firme Sonnentor, ktorá dokázala expandovať do 54 krajín sveta.

Gespeichert in:
Bibliographische Detailangaben
1. Verfasser: Orfánus, Dominik
Format: Buchkapitel
Sprache:Slowakisch
Schlagworte:
Tags: Tag hinzufügen
Keine Tags, Fügen Sie das erste Tag hinzu!

MARC

LEADER 00000naa a2200000 4500
001 0156488
005 20240502072731.9
041 0 |a slo 
044 |a SK 
245 1 0 |a Ekologický exot  |c Dominik Orfánus 
520 |a Johannes Guttmann stavil v biznise na babičky, ich bioprodukty vyváža do celého sveta. O eko firme Sonnentor, ktorá dokázala expandovať do 54 krajín sveta. 
610 2 0 |a ekológia 
610 2 0 |a bioprodukty 
610 2 0 |a čaj 
610 2 0 |a firmy 
100 1 |a Orfánus, Dominik